Jubileum romanistu

Stručný životopis a dielo až do súčasnosti popredného romanistu, univerzitného profesora francúzskej literatúry a prekladateľa Štefana Povchaniča. Prehľad jeho ocenení.

Salvato in:
Dettagli Bibliografici
Autore principale: Rizeková, Iveta, 1961-
Altri autori: Mruškovič, Jozef
Natura: Capitolo di libro
Lingua:slovacco
Soggetti:
Tags: Aggiungi Tag
Nessun Tag, puoi essere il primo ad aggiungerne!!

MARC

LEADER 00000naa$a2200000$$$4500
001 0109973
005 20240502072218.7
041 0 |a slo 
044 |a SK 
245 1 0 |a Jubileum romanistu  |c Iveta Rizeková, Jozef Mruškovič 
520 |a Stručný životopis a dielo až do súčasnosti popredného romanistu, univerzitného profesora francúzskej literatúry a prekladateľa Štefana Povchaniča. Prehľad jeho ocenení. 
610 2 0 |a životopisy 
100 1 |a Rizeková, Iveta, 1961- 
700 1 |a Mruškovič, Jozef